| 000 | 00544nam a2200157Ia 4500 | ||
|---|---|---|---|
| 008 | 151021s9999 xx 000 0 und d | ||
| 020 | _a897895088 | ||
| 050 | _aRB 151 .H87 1997 | ||
| 245 | _a_Communicable and non communicable diseases basics A Primer Madeline M. Hurster | ||
| 260 | _aLondon Bergin &company 1997 | ||
| 300 | _aviii,154p.;ill | ||
| 500 | _aIncludes Bibliography and index. | ||
| 500 | _aIncludes Bibliography and index. | ||
| 650 | _a_Diseases-Causes and theories of causation | ||
| 980 | _a^d20130805 11:58:54^oanne | ||
| 999 |
_c14316 _d14316 |
||